🎶 Paroles "Une sorcière comme les autres" Anne Sylvestre - Statistiques

Statistiques générales
  • Ce quiz a été pris 22 fois
  • Le résultat moyen est 499 sur 640
Statistiques - réponses
Mots % Correct
Eva
100%
J'
100%
j'
100%
Jeanne
100%
Joséphine
100%
S'
100%
s'
100%
À
93%
à
93%
au
93%
C'
93%
c'
93%
comme
93%
Comme
93%
d'
93%
d'Arc
93%
de
93%
des
93%
Dupont
93%
il
93%
Il
93%
je
93%
Je
93%
l'
93%
L'
93%
la
93%
La
93%
le
93%
Le
93%
m'
93%
M'
93%
Margot
93%
Me
93%
me
93%
mer
93%
vous
93%
Vous
93%
ai
86%
autrefois
86%
Gabrielle
86%
ma
86%
mère
86%
oreillers
86%
ou
86%
Ou
86%
plaît
86%
plaît,
86%
Soyez
86%
soyez
86%
vos
86%
amour
79%
autres
79%
avez
79%
bien
79%
Ce
79%
cœur
79%
combat
79%
Dieu
79%
duvet
79%
elle
79%
en
79%
encore
79%
enfant
79%
est
79%
et
79%
Et
79%
étiez
79%
fait
79%
faite
79%
faites-
79%
Fille
79%
fille
79%
fleur
79%
fleurs
79%
jamais
79%
jour
79%
les
79%
lourd
79%
Mais
79%
mes
79%
Moi
79%
moi
79%
mon
79%
n'
79%
ne
79%
oie
79%
pas
79%
peut
79%
peux
79%
plus
79%
port
79%
porté
79%
prie,
79%
que
79%
se
79%
sorcière
79%
sous
79%
suis
79%
un
79%
une
79%
Une
79%
votre
79%
vôtre
79%
aime
71%
attend
71%
barreaux
71%
bombes
71%
Celle
71%
celle
71%
étais
71%
gardais
71%
guerre
71%
heure
71%
ignorante
71%
inconnues
71%
jouiez
71%
léger
71%
leur
71%
maison
71%
malheur
71%
mort
71%
par
71%
Pesant
71%
plume
71%
poids
71%
prières
71%
prisons
71%
Quand
71%
quand
71%
qui
71%
Qui
71%
richesses
71%
savais
71%
soumise
71%
terre
71%
tombe
71%
toujours
71%
tout
71%
toute
71%
tue
71%
usé
71%
vivant
71%
voilà
71%
volcan
71%
voulue
71%
adoriez
64%
aide
64%
aimée
64%
aussi,
64%
aussi
64%
aux
64%
belle
64%
cherchais
64%
dans
64%
dedans
64%
déjà
64%
dessous
64%
eau
64%
être
64%
Être
64%
Faible
64%
faut
64%
fort
64%
Forte
64%
genoux
64%
inconnue
64%
jetiez
64%
laide,
64%
méprisiez
64%
morcelé
64%
mouriez
64%
ouvre
64%
personne
64%
poussière
64%
refusiez
64%
rêve
64%
rêvé
64%
ruisseau
64%
servais
64%
sol
64%
son
64%
sur
64%
tant
64%
trop
64%
venue
64%
vieille
64%
aimerais
57%
ainsi
57%
bouger
57%
combattiez
57%
couverte
57%
découvre
57%
déesse
57%
depuis
57%
église
57%
étang
57%
feu
57%
honte
57%
hurlant
57%
incendie
57%
inventez
57%
longtemps
57%
meurt
57%
monuments
57%
morts
57%
on
57%
putain
57%
rebut
57%
sais
57%
satin
57%
servante
57%
statue
57%
tait
57%
tard
57%
tour
57%
bûche
50%
claire
50%
débat
50%
devant
50%
divague
50%
gaie
50%
hasard
50%
Libre
50%
marcher
50%
nacre
50%
Pour
50%
vague
50%
vague,
50%
vent
50%
ayez
43%
bitume
43%
coton
43%
inemployée
43%
noyé
43%
peur
43%
pleure
43%
rompt,
43%
serez
43%
violence
43%
ancêtre
36%
Apprenez-
36%
ciel
36%
défend
36%
moche
36%
parle
36%
printemps
36%
reflète
36%
Regardez-
36%
regardez
36%
sœur
36%
vraie
36%
plein
29%
brume
21%
portefaix
21%
danse
14%
cède
7%
règne
7%
Aucun quiz correspondant
Distribution des résultats
% des personnes avec chaque résultat
Percentile par nombre de réponses
Votre historique - résultats
Vous n’avez pas pris ce quiz